000 00433pab a2200169 454500
008 180718b2002 xxu||||| |||| 00| 0 eng d
100 _aForrer, John
245 _aPrivate finance initiative: a better public-private partnership?
260 _c2002
300 _ap.43-47.
362 _aSummer
650 _aPrivate sector
700 _aZhang, Zhibin
700 _aKee, James Edwin
773 _aPublic Manager
909 _a54004
999 _c54004
_d54004